Normal view
MARC view
- Benjamin S. Blanchard
Entry Personal Name
001 - CONTROL NUMBER
- control field: 2333
003 - CONTROL NUMBER IDENTIFIER
- control field: NUST
005 - DATE AND TIME OF LATEST TRANSACTION
- control field: 20170608142902.0
008 - FIXED-LENGTH DATA ELEMENTS
- fixed length control field: 170608|| aca||aabn | a|a d
040 ## - CATALOGING SOURCE
- Original cataloging agency: NUST
- Transcribing agency: NUST
100 ## - HEADING--PERSONAL NAME
- Personal name: Benjamin S. Blanchard
670 ## - SOURCE DATA FOUND
- Source citation: Work cat.: (NUST)23829: Benjamin S. Blanchard, Systems Engineering And Analysis, c2011.
